| 000 | 00452nam a2200169Ia 4500 | ||
|---|---|---|---|
| 005 | 20250508154807.0 | ||
| 008 | 008 250505s9999 xx 000 0 eng d | ||
| 037 | _aReference | ||
| 040 |
_aFEDL _beng _cFEDL |
||
| 041 |
_aeng _2eng |
||
| 084 |
_a425.9, HEA _qFEDL |
||
| 100 |
_aHeaton J B _969631 |
||
| 245 | 0 | _aUsing prepostions and praticles: Workbook two | |
| 300 | _a47p. | ||
| 942 |
_cREF _h425.9, HEA |
||
| 999 |
_c1352146 _d1352146 |
||